00543nam a22001697a 450000500170000001000130001702000260003003500110005603700130006708200080008010000380008824500560012624600460018226000500022827000720027830000230035020210831122054.0 aUR-11215 c171.00a9789390533947 aU-9770 bDBAD/PUB a841 aخو ر شيد عا لم خا ن  aشفق ز ا ر cخو ر شيد عا لم خا ن  aShafaqzar (Urdu)bby Khursheed Aalam Khan aDelhic2020 ءbEducational Publishing House  a3191,Vakil Street, Kucha Pandit Lal Kuan,b Delhie110006l23216162 a280 ص c22 Cm(Hb)